00366 a2200097 4500001001000000005001700010008004100027245004500068100002300113773013200136ART_2348220260410161931.0260409a 10aEl utilitarismo de Bentham y Stuart Mill1 aLetizia, Francisco0 tRevista de la Facultad de Ciencias Económicas de la Universidad de Cuyog- Año XXXVII, Nº 91/92 (ene./dic. 1985)wREV22981